000 00402nam a2200133Ia 4500
008 190228s9999 xx 000 0 und d
020 _a9780814437919
100 _aThomas, Roseanne J.
245 _cRoseanne J. Thomas.--
_aExcuse me :
_bthe survival guide to modern business etiquette /
260 _aUSA :
_bAMACOM
_c2017
300 _axv, 269 pages.
650 _aBusiness ethics.
650 _aEthics.
999 _c361312
_d361312